Lengua castellana : albor : [educación primaria], ciclo superior
Gespeichert in:
| Weitere Verfasser: | |
|---|---|
| Format: | Buch |
| Sprache: | Spanisch |
| Erschienen: |
Barcelona :
Teide,
1995
|
| Ausgabe: | 2a. ed. |
| Katalog: | MANES: Suchergebnis im Bibliothekskatalog |
| Schulbuchspezifische Eigenschaften: |
|
| Schriftenreihe: | Baldufa
|
| Tags: |
Tag hinzufügen
Keine Tags, Fügen Sie den ersten Tag hinzu!
|
| Hinzugefügt zu: | 14.09.2003 |
| Geändert in: | 07.05.2025 |
MARC
| LEADER | 00000nam a2200000 a 4500 | ||
|---|---|---|---|
| 001 | .b3003226 | ||
| 003 | ES-BaCBU | ||
| 005 | 20250507130127.0 | ||
| 008 | 030915s1995 spca b|1 000 ||spa|c | ||
| 017 | |a DL B. 3429-1995 ([Libro de texto] 1) | ||
| 020 | |a 8430734686 ([Libro de texto] 1) | ||
| 035 | |a 8430734686 |9 ES-BaUB001 |a 0775-88360 |9 ES-BaUB035 | ||
| 040 | |a ES-BaUB |b cat |c ES-BaUB | ||
| 245 | 0 | 0 | |a Lengua castellana : |b albor : [educación primaria], ciclo superior / |c Conchita álvarez ... [et al.] |
| 250 | |a 2a. ed. | ||
| 260 | |a Barcelona : |b Teide, |c 1995 | ||
| 300 | |a vol. (190 p.): |b principalment il. col.; |c 26 cm | ||
| 505 | 8 | |a Conté: [Llibre de text] 1 | |
| 546 | |a España | ||
| 561 | |5 es-CRAI |3 p1 TX EP 2/5 TEI |a España. Biblioteca Universitat de Barcelona |k MANES | ||
| 690 | 0 | |a LEN | |
| 691 | 0 | |a PRI | |
| 700 | 1 | |a álvarez, Conchita |9 32370 | |
| 740 | 0 | |a Albor | |
| 830 | 0 | |a Baldufa |9 32371 | |
| 856 | |y Registro en Cercabib - CRAI | ||
| 942 | |2 ddc |c BK | ||
| 999 | |c 89412 |d 89412 | ||
| 999 | |c manes:89412 |d 89412 | ||